Top 10 WBA PL scorers - Statistics

General Stats
  • This quiz has been taken 38 times
  • The average score is 5 of 10
Answer Stats
Hint Answer % Correct
17 Lukaku
73%
24 Brunt
70%
19 Long
67%
28 Morrison
63%
30 Odemwingie
63%
23 Berahino
57%
16 Rondon
57%
12 Gera
40%
15 Mcauley
33%
12 Earnshaw
23%
No matching quizzes found
Score Distribution
Percent of People with Each Score
Percentile by Number Answered
Your Score History
You have not taken this quiz